000 00354nam a2200145Ia 4500
008 151018s9999 xx 000 0 und d
082 _bRBASDV40223
_a891.463
245 _aव्हीनस
250 _b1
260 _bमधुराज
_c2005
300 _a156
630 _aव्हीनस
730 _aव्हीनस
942 _cBOOK
999 _c1039503
_d1039500